000 00685nac a22001331u 4500
008 080904t ua|||||r|||| 000 0 ara d
082 _a189
_bا ق ب
245 _aتجديد التفكير الديني في الإسلام :
_cتأليف محمد إقبال ؛ ترجمة عباس محمود؛ راجع مقدمته والفصل الأول منه عبد العزيز المراغي ؛ راجع بقية الكتاب مهدي علام
260 _aالقاهرة :
_bلجنة التأليف والترجمة والنشر،1955.
_c1955.
300 _a227 ص ؛
_c24 سم .
511 _aCatalogued by: Sara
541 _aألف باء ؛
_cشراء ؛
942 _cBB
_k189 ا ق ب
_2ddc
999 _c6285
_d6285